[Event "Krasnodar2"]
[Site "Krasnodar"]
[Date "1998.??.??"]
[Round "8"]
[White "Poluljahov, Aleksandr"]
[Black "Maiorov, Oleg"]
[Result "1/2-1/2"]
[WhiteElo "2505"]
[BlackElo "2405"]

1.d4 d5 2.c4 c6 3.Nf3 Nf6 4.Nc3 a6 5.Bg5 dxc4 6.a4 h6 7.Bh4 Be6 8.e4 Nbd7
9.a5 g6 10.d5 cxd5 11.exd5 Bg4 12.Bxc4 Ne5 13.Be2 Bxf3 14.Bxf3 Bg7 15.O-O O-O
16.Re1 Qd6 17.Bg3 Nfd7 18.Be2 g5 19.f4 gxf4 20.Bxf4 b5 21.Kh1 Qb4 22.Qd2 Ng6
23.Bxh6 Bxh6 24.Qxh6 Qxb2 25.Ne4 Qg7 26.Qg5 Qe5 27.Qg4 Nf6 28.Nxf6+ Qxf6
29.Rf1 Qh4 30.Qf5 Rad8 31.Rad1 Rd6 32.Qc2 Rfd8 33.Bf3 Kg7 34.g3 Qb4 35.Be4 Rh8
36.Bxg6 Rxg6 37.Qf2 Rf6 38.Qe3 Qb2 39.h4 Rg6 40.Rf2 Qb4 41.Rdf1 f6 42.Re2 Re8
43.Kh2 Qd6 44.Rf5 b4 45.Qf3 Rc8 46.Re6 Rc2+ 47.Kh3 Qd7 48.Qe4 Rc7 49.Qxb4 Kf7
50.h5 Rg7 51.Qf4 Rc5 52.Qe3 Rxa5 53.Rxe7+ Qxe7 54.Qxe7+ Kxe7 55.d6+ Kxd6
56.Rxa5 Ra7 57.Kg4 Ke6 58.Kf4 Kf7 59.Kf5 Kg7 60.g4 Ra8 61.Rc5  1/2-1/2

[Event "RUS-Cup"]
[Site "Krasnoiarsk"]
[Date "1998.??.??"]
[Round "3"]
[White "Kastanieda, Georgiy"]
[Black "Volkov, Sergey"]
[Result "1/2-1/2"]
[WhiteElo "2395"]
[BlackElo "2545"]

1.d4 d5 2.c4 c6 3.Nc3 Nf6 4.Nf3 a6 5.a4 Bf5 6.Qb3 Ra7 7.h3 e6 8.g4 Bg6 9.Ne5 Nbd7
10.Nxd7 Nxd7 11.cxd5 cxd5 12.Bf4 Be7 13.e3 h5 14.gxh5 Rxh5 15.a5 Bf5 16.Ne2 Rh8
17.Ng3 Bg6 18.Qc3 Nb8 19.Bc7 Qc8 20.Bb6 Qxc3+ 21.bxc3 Ra8 22.Kd2 Nd7 23.Bd3 Bxd3
24.Kxd3 Nxb6 25.axb6 Rc8 26.e4 dxe4+ 27.Nxe4 Rc6 28.Rab1 Bd8 29.c4 Rxb6 30.Rxb6 Bxb6
31.c5 Bc7 32.Rb1 Rxh3+ 33.Kc4 Ra3 34.Rxb7 Ra4+ 35.Kd3 Kd7 36.Ng5 Kc6 37.Ra7 Bd8
38.Nxf7 Bf6 39.Ne5+ Bxe5 40.dxe5 Kxc5 41.Rd7 Rb4 42.Ra7 Ra4 43.Rd7 Ra1 44.Rxg7 Kd5
45.f4 Ra3+ 46.Kd2 a5 47.Rd7+ Ke4 48.Re7  1/2-1/2

[Event "RUS-Cup"]
[Site "Krasnoiarsk"]
[Date "1998.??.??"]
[Round "5"]
[White "Nikitin, Andrey"]
[Black "Volkov, Sergey"]
[Result "0-1"]
[WhiteElo "2410"]
[BlackElo "2545"]

1.d4 d5 2.c4 c6 3.Nf3 Nf6 4.Nc3 a6 5.Bg5 Ne4 6.Bf4 Nxc3 7.bxc3 dxc4 8.e4 Qa5
9.Rc1 b5 10.Ne5 g6 11.Qf3 f6 12.Ng4 Qa3 13.Rc2 Bg7 14.Qg3 Bxg4 15.Qxg4 e5
16.dxe5 fxe5 17.Bg5 O-O 18.h4 Rf7 19.h5 Nd7 20.hxg6 hxg6 21.Qh4 Nf8 22.Be2 Bf6
23.Bxf6 Rh7 24.Bxe5 Rxh4 25.Rxh4 Qe7 26.Rh8+ Kf7 27.f4 Rd8 28.g3 Qc5 29.Bd4 Rxd4
30.cxd4 Qxd4 31.e5 Qg1+ 32.Bf1 Qxg3+ 33.Rf2 Qc3+ 34.Rd2 Qe3+ 35.Be2 Kg7 36.Rh2 c3
37.Rd3 Qg1+  0-1

[Event "FRA-chB"]
[Site "Meribel"]
[Date "1998.??.??"]
[Round "7"]
[White "Gervasio, Ricardo"]
[Black "Godard, Maxence"]
[Result "1/2-1/2"]
[WhiteElo "2330"]
[BlackElo "2265"]

1.d4 d5 2.c4 c6 3.Nf3 Nf6 4.Nc3 a6 5.e3 b5 6.b3 Bg4 7.Be2 Nbd7 8.a4 b4 9.Na2 e6
10.O-O a5 11.Bb2 Bd6 12.Nc1 O-O 13.Nd2 Bxe2 14.Qxe2 e5 15.cxd5 cxd5 16.Nd3 e4
17.Ne5 Qb8 18.f4 exf3 19.Ndxf3 Qb7 20.Nh4 Rae8 21.Nf5 Re6 22.Rf4 Nxe5 23.Nxd6 Nf3+
24.gxf3 Rxd6 25.e4 Re6 26.e5 Nh5 27.Rh4 g6 28.f4 Ng7 29.Rg4 Rc8 30.Qb5 Rb6
31.Qd3 Qd7 32.Rg2 Qf5 33.Qxf5 Nxf5 34.Re1 Rbc6 35.Rge2 Kf8 36.Kf2 Ke7 37.Rd1 Ke6
38.Red2 Rc2 39.Ke2 Ng7 40.Kd3 Rxd2+ 41.Rxd2 Kf5 42.Ke3 Nh5 43.Rf2 Rc6 44.h3 Rc8
45.h4 h6 46.Re2 Nxf4 47.Rf2 g5 48.hxg5 hxg5 49.Rh2 Kg6 50.Kf3 Nd3 51.Kg4 Nxb2
52.Rxb2 Rh8 53.Rf2 Rh4+ 54.Kg3 Rxd4 55.Rf6+ Kh5 56.Rxf7 Re4 57.Rh7+ Kg6 58.Ra7 Kf5
59.Rxa5 Kxe5 60.Rb5 Re3+ 61.Kg4 Rxb3 62.a5 Ke4 63.a6 d4 64.Ra5  1/2-1/2

[Event "Montpellier opA"]
[Site "Montpellier"]
[Date "1998.??.??"]
[Round "5"]
[White "Saucey, Michel"]
[Black "Prie, Eric"]
[Result "1-0"]
[WhiteElo "2285"]
[BlackElo "2470"]

1.d4 d5 2.Nf3 Nf6 3.c4 c6 4.Nc3 a6 5.Ne5 Nbd7 6.Bf4 Nh5 7.Nxd7 Bxd7 8.Bd2 Nf6
9.e3 b5 10.b3 g6 11.Bd3 Bg7 12.O-O O-O 13.Rc1 Re8 14.cxd5 cxd5 15.Ne2 Qb6
16.Bb4 a5 17.Bc5 Qb7 18.b4 axb4 19.Rc2 Ra4 20.Rb2 Ne4 21.Bxb4 e5 22.Bxe4 dxe4
23.Bd6 exd4 24.Qxa4 dxe3 25.Rbb1 exf2+ 26.Rxf2 Bc6 27.Qb3 e3 28.Rf4 g5 29.Rf5 Be4
30.Qxb5 Qc8 31.Rc5 Qe6 32.Qxe8+  1-0

[Event "Montpellier opA"]
[Site "Montpellier"]
[Date "1998.??.??"]
[Round "8"]
[White "Saleh, Nabil"]
[Black "Prie, Eric"]
[Result "0-1"]
[WhiteElo "2285"]
[BlackElo "2470"]

1.d4 d5 2.Nf3 Nf6 3.c4 c6 4.Nc3 a6 5.Ne5 Nbd7 6.Bf4 Nh5 7.Nxd7 Bxd7 8.Bd2 Nf6
9.cxd5 cxd5 10.e3 e6 11.Bd3 Bd6 12.O-O O-O 13.Qe2 e5 14.dxe5 Bxe5 15.h3 Re8
16.Rfe1 Bc6 17.Qf1 h5 18.Rab1 Ne4 19.Red1 Qf6 20.Nxe4 dxe4 21.Be2 Bxb2 22.Bxh5 Bb5
23.Be2 Ba4 24.Bc4 Bxd1 25.Qxd1 Red8 26.Qc2 b5 27.Bxb5 Rxd2 28.Qxd2 Bc3  0-1

[Event "CERA Bank op"]
[Site "NED"]
[Date "1998.??.??"]
[Round "?"]
[White "Essing, Arnold"]
[Black "Chernin, Alexander"]
[Result "0-1"]
[WhiteElo "2290"]
[BlackElo "2645"]

1.d4 Nf6 2.Nf3 d5 3.c4 c6 4.Nc3 a6 5.c5 Nbd7 6.Bf4 Nh5 7.e3 b6 8.b4 Nxf4
9.exf4 g6 10.Qc2 Bg7 11.h4 O-O 12.Bd3 a5 13.b5 bxc5 14.bxc6 Nb8 15.dxc5 Nxc6
16.a3 Bg4 17.h5 Bxf3  0-1

[Event "New York op"]
[Site "New York"]
[Date "1998.??.??"]
[Round "9"]
[White "Serper, Grigory"]
[Black "Martinovsky, Eugene"]
[Result "1-0"]
[WhiteElo "2540"]
[BlackElo "2365"]

1.d4 d5 2.c4 c6 3.Nf3 Nf6 4.Nc3 a6 5.e3 b5 6.b3 Bg4 7.Be2 e6 8.O-O Nbd7 9.Nd2 Bf5
10.Bf3 Bb4 11.Bb2 O-O 12.Qe2 e5 13.cxd5 exd4 14.exd4 Re8 15.Qd1 Bxc3 16.Bxc3 cxd5
17.Rc1 Qb6 18.Re1 Rxe1+ 19.Qxe1 Re8 20.Qd1 h6 21.h3 Ne4 22.Nf1 Rc8 23.Bb2 Rxc1
24.Qxc1 Ndf6 25.Be2 Qe6 26.Ne3 Bg6 27.Qc7 Kh7 28.a4 Qd6 29.Qxd6 Nxd6 30.Ba3 Nde4
31.axb5 axb5 32.Bb4 Nd7 33.Nxd5 f5 34.Bxb5 Bf7 35.Bxd7 Bxd5 36.Bxf5+ g6 37.Bxe4 Bxe4
38.Bc5 Bd5 39.b4 Bc4 40.f3 Kg7 41.Kf2 Kf6 42.g4 g5 43.Kg3 Bf1 44.h4 Ke6 45.Bf8 gxh4+
46.Kxh4 Kd5 47.Bxh6 Kxd4 48.Kg5 Ke3 49.f4 Ke4 50.f5 Ke5 51.Bg7+ Kd6 52.Kf6 Kd7
53.g5 Bd3 54.Bf8 Ke8 55.Bc5 Kd7 56.g6 Ke8 57.Kg5  1-0

[Event "NOR-ch"]
[Site "Oslo"]
[Date "1998.??.??"]
[Round "3"]
[White "Madsen, Dag"]
[Black "Christenson, Flemming"]
[Result "0-1"]
[WhiteElo "2275"]
[BlackElo "2210"]

1.d4 d5 2.c4 c6 3.Nf3 Nf6 4.Nc3 a6 5.e3 b5 6.b3 Bg4 7.h3 Bh5 8.g4 Bg6 9.Ne5 e6
10.h4 Bb4 11.Bd2 Bxc3 12.Bxc3 Ne4 13.Bb4 f6 14.Nxg6 hxg6 15.Bg2 a5 16.Ba3 b4
17.Bb2 Nd6 18.a3 Nd7 19.c5 Nb5 20.e4 bxa3 21.Bxa3 Kf7 22.Qd3 Nxa3 23.Rxa3 Qb8
24.Ra4 Qf4 25.Qe3 g5 26.Qxf4 gxf4 27.Ke2 Rhb8 28.Rb1 Rb4 29.Kd2 Rab8 30.Rxb4 Rxb4
31.Kc3 e5 32.exd5 exd4+ 33.Kc2 Nxc5 34.dxc6 Ke6 35.Re1+ Kd6 36.Re8 d3+ 37.Kd2 Rxb3
38.Bf3 Rb2+ 39.Ke1 a4 40.Rg8 a3  0-1

[Event "NOR-ch"]
[Site "Oslo"]
[Date "1998.??.??"]
[Round "9"]
[White "Ogaard, Leif"]
[Black "Parr, Erik"]
[Result "1-0"]
[WhiteElo "2440"]
[BlackElo "2285"]

1.d4 d5 2.c4 c6 3.Nf3 Nf6 4.Nc3 a6 5.c5 g6 6.Bf4 Bg7 7.h3 Nbd7 8.e3 Ne4 9.Qc2 Qa5
10.a3 Nxc3 11.b4 Qd8 12.Qxc3 O-O 13.Be2 f6 14.O-O e5 15.Bh2 e4 16.Nd2 f5
17.a4 g5 18.Bd6 Rf6 19.b5 Rh6 20.bxc6 bxc6 21.Rab1 Bf8 22.Bg3 Qf6 23.f3 exf3
24.Rxf3 f4 25.exf4 Bg7 26.Nb3 gxf4 27.Bxf4 Rh4 28.Bg3 Qxd4+ 29.Nxd4 Bxd4+
30.Kf1 Bxc3 31.Bxh4 Bd4 32.Rb4 Bxc5 33.Rg4+ Kh8 34.Rf7 Rb8 35.Bd3 Ne5 36.Bf6+  1-0

[Event "Ostrava IM"]
[Site "Ostrava"]
[Date "1998.??.??"]
[Round "?"]
[White "Michenka, Jozef"]
[Black "Chekurov, Vyacheslav"]
[Result "1-0"]
[WhiteElo "2330"]
[BlackElo "2405"]

1.d4 d5 2.c4 c6 3.Nc3 Nf6 4.Nf3 a6 5.e3 b5 6.cxb5 cxb5 7.Ne5 e6 8.Bd3 Bb7
9.O-O Nbd7 10.Nxd7 Qxd7 11.Bd2 Bd6 12.Rc1 O-O 13.a3 e5 14.dxe5 Bxe5 15.f4 Bc7
16.Ne2 Bb6 17.Nd4 Rfe8 18.Bf5 Qe7 19.Re1 Ne4 20.Bb4 Qf6 21.Bd7 Red8 22.Bc6 Rab8
23.Bxb7 Rxb7 24.Rc6 Qh4 25.Rf1 a5 26.Nf5 Bxe3+ 27.Nxe3  1-0

[Event "Atom Cup GM 3rd"]
[Site "Paks"]
[Date "1998.??.??"]
[Round "8"]
[White "Karolyi, Tibor Jr"]
[Black "Bukal, Vladimir Sr"]
[Result "1/2-1/2"]
[WhiteElo "2425"]
[BlackElo "2395"]

1.d4 d5 2.c4 c6 3.Nf3 Nf6 4.Nc3 a6 5.a4 e6 6.Bg5 h6 7.Bxf6 Qxf6 8.Qb3 Nd7
9.g3 dxc4 10.Qxc4 e5 11.Rd1 Be7 12.Bg2 exd4 13.Nxd4 O-O 14.O-O Ne5 15.Qb3 Bd8
16.f4 Ng4 17.h3 c5 18.Nd5 Qd6 19.hxg4 cxd4 20.Bf3 Rb8 21.Rxd4 b5 22.Rd2 Ba5
23.Rd3 bxa4 24.Qxa4 Qc5+ 25.Qd4 Qxd4+ 26.Rxd4 Rxb2  1/2-1/2

[Event "Pardubice Czech op"]
[Site "Pardubice"]
[Date "1998.??.??"]
[Round "9"]
[White "Burmakin, Vladimir"]
[Black "Sergeev, Vladimir"]
[Result "1-0"]
[WhiteElo "2550"]
[BlackElo "2465"]

1.d4 Nf6 2.Nf3 d5 3.c4 c6 4.Nc3 a6 5.a4 Bf5 6.Qb3 Ra7 7.Bf4 e6 8.e3 h6 9.Be2 Nbd7
10.O-O Be7 11.Nd2 a5 12.Bf3 g5 13.Bg3 h5 14.cxd5 exd5 15.e4 dxe4 16.Ndxe4 Be6
17.d5 Nxe4 18.Nxe4 cxd5 19.Nd6+ Bxd6 20.Bxd6 Ra6 21.Ba3 Rb6 22.Qe3 f6 23.Bxd5 Nf8
24.Rad1  1-0

[Event "Paris op"]
[Site "Paris"]
[Date "1998.??.??"]
[Round "4"]
[White "Derieux, Christian"]
[Black "Prie, Eric"]
[Result "0-1"]
[WhiteElo "2200"]
[BlackElo "2465"]

1.d4 d5 2.c4 c6 3.Nf3 Nf6 4.Nc3 a6 5.c5 Bf5 6.Qb3 Qc8 7.h3 Nbd7 8.Bf4 g6
9.e3 Bg7 10.Be2 O-O 11.O-O Ne4 12.Nxe4 Bxe4 13.Nd2 Bf5 14.Rac1 Re8 15.e4 Bxe4
16.Nxe4 dxe4 17.Bc4 e6 18.Qe3 f5 19.g4 Kh8 20.Bh6 Nf6 21.Bxg7+ Kxg7 22.f3 Nd5
23.Qe1 e3 24.f4 Qd7 25.Rf3 Rad8 26.Rd1 fxg4 27.hxg4 Rf8 28.Bxd5 exd5 29.Qg3 e2
30.Re1 Rde8 31.Kf2 Qe7 32.Re3 Qxe3+ 33.Qxe3 Rxe3 34.Kxe3 Re8+ 35.Kf3 h5 36.gxh5 gxh5
37.Rg1+ Kf6 38.Re1 Kf5  0-1

[Event "Paris"]
[Site "Paris"]
[Date "1998.??.??"]
[Round "5"]
[White "Parmentier, Xavier"]
[Black "Marzolo, Cyril"]
[Result "0-1"]
[WhiteElo "2335"]
[BlackElo "2355"]

1.Nf3 d5 2.d4 Nf6 3.c4 c6 4.Nc3 a6 5.Ne5 dxc4 6.a4 Nbd7 7.Nxc4 b5 8.axb5 cxb5
9.Na5 e6 10.g3 Qb6 11.Bg2 Ra7 12.O-O Bd6 13.e4 Bb4 14.Nb3 O-O 15.e5 Ne8 16.Be3 Bxc3
17.bxc3 Rc7 18.d5 Qb8 19.d6 Rc4 20.Bd4 Nxd6 21.exd6 Qxd6 22.Re1 e5 23.Bxe5 Qxd1
24.Raxd1 Nxe5 25.Rxe5 Rxc3 26.Bd5 g6 27.Re7 Bg4 28.Rde1 Rd3 29.R1e5 Bh3 30.f3 Rc8
31.Bxf7+ Kf8 32.Kf2 Rc2+ 33.Ke1 Rxf3 34.Kd1 Rxh2 35.Bd5 Rd3+ 36.Kc1 Rxd5  0-1

[Event "CRO-chT2"]
[Site "Pula"]
[Date "1998.??.??"]
[Round "6"]
[White "Muse, Drazen"]
[Black "Bukal, Vladimir Sr"]
[Result "1-0"]
[WhiteElo "2315"]
[BlackElo "2400"]

1.d4 d5 2.Nf3 Nf6 3.c4 c6 4.Nc3 a6 5.Bg5 Ne4 6.h4 h6 7.Bf4 Nf6 8.e3 e6 9.Qc2 Be7
10.O-O-O Qa5 11.c5 Nbd7 12.Nd2 Qd8 13.Nb3 O-O 14.Be2 Ne8 15.g4 Bxh4 16.Rh2 g5
17.Rdh1 Ng7 18.Bg3 f5 19.Bxh4 gxh4 20.Rxh4 Nf6 21.Rxh6 Kf7 22.f4 Ng8 23.R6h4 Ne7
24.Rh7 Rg8 25.g5 Bd7 26.R1h6 Ke8 27.Na4 Nc8 28.Rxg7 Rxg7 29.Rh8+ Ke7 30.Rxd8 Kxd8
31.Nd2 Ne7 32.Bd1 Rb8 33.Nb6 Nc8 34.Nf3 Nxb6 35.cxb6 Kc8 36.Ne5 Rh7 37.Bf3 Ra8
38.g6 Rh3 39.g7 Rg3 40.Bg4  1-0

[Event "Samobor"]
[Site "Samobor"]
[Date "1998.??.??"]
[Round "3"]
[White "Moldovan, Daniel"]
[Black "Sanduleac, Vasile"]
[Result "1/2-1/2"]
[WhiteElo "2420"]
[BlackElo "2450"]

1.d4 d5 2.c4 c6 3.Nf3 Nf6 4.Nc3 a6 5.cxd5 cxd5 6.Bf4 Nc6 7.e3 Bg4 8.Be2 Bxf3
9.Bxf3 e6 10.O-O Be7 11.Rc1 O-O 12.Be2 Rc8  1/2-1/2

[Event "ECI opJ 25th"]
[Site "Sas Van Gent"]
[Date "1998.??.??"]
[Round "9"]
[White "Hughes, Gareth"]
[Black "Karttunen, Mika"]
[Result "1/2-1/2"]
[WhiteElo "2110"]
[BlackElo "2275"]

1.d4 d5 2.c4 c6 3.Nf3 Nf6 4.Nc3 a6 5.a4 e6 6.Bg5 Nbd7 7.e3 Bb4 8.Bd3 Qa5
9.O-O dxc4 10.Bxc4 Bxc3 11.bxc3 Qxc3 12.Nd2 O-O 13.Rc1 Qa5 14.f4 h6 15.Bh4 Nd5
16.Qe2 f5 17.e4 fxe4 18.Nxe4 Qb6 19.Nd6 Qxd4+ 20.Bf2 Qf6 21.Qe4 Qe7 22.Nxc8 Raxc8
23.Bd4 N7f6 24.Qe5 Nd7 25.Qe4 Qd6 26.Qg6 Rf7 27.Bb2 Qc5+ 28.Kh1 Nf8 29.Qe4 Qd6
30.f5 exf5 31.Rxf5 Rxf5 32.Qxf5 Re8 33.Rf1 Qe6 34.Qh5 b5 35.axb5 axb5 36.Bb3 Ng6
37.h3 Rf8 38.Rxf8+ Nxf8 39.Qf3 Ng6 40.Qg3 Qf7 41.Qb8+ Kh7 42.Qc8 Nge7 43.Bc2+ Ng6
44.Qxc6 Qf1+  1/2-1/2

[Event "Seefeld op 9th"]
[Site "Seefeld"]
[Date "1998.??.??"]
[Round "6"]
[White "Bente, Bjoern"]
[Black "Langer, Werner"]
[Result "1-0"]
[WhiteElo "2150"]
[BlackElo "1865"]

1.d4 Nf6 2.c4 c6 3.Nc3 d5 4.Nf3 a6 5.e3 Bg4 6.cxd5 cxd5 7.Qa4+ Bd7 8.Qb3 e6
9.Qxb7 Nc6 10.Qb3 Bd6 11.Bd3 O-O 12.O-O Qc7 13.Bd2 Rfb8 14.Qd1 Rxb2 15.e4 Bf4
16.Bc1 Bxc1 17.Qxc1 Rb7 18.e5 Ne8 19.Qe3 Ne7 20.Rac1 Qd8 21.h4 Nc7 22.h5 Nb5
23.Ne2 Nf5 24.Qf4 f6 25.Bxf5 exf5 26.Ng3 g5 27.hxg6 hxg6 28.Qd2 Be8 29.Rc5 Nc7
30.exf6 Ne6 31.f7+ Rxf7 32.Rc3 Rh7 33.Re1 Qf6 34.Rxe6 Qxe6 35.Ng5 Qd6 36.Nxh7 Kxh7
37.Qg5 Rb8 38.f4 Rb1+ 39.Kh2 Re1 40.Nxf5 Qf8 41.Rc7+ Bf7 42.Qh4+  1-0

[Event "RUS-chJ Girls"]
[Site "Sochi"]
[Date "1998.??.??"]
[Round "?"]
[White "Zhurina, Elizaveta"]
[Black "Kazarova, Irina"]
[Result "1-0"]
[WhiteElo "2215"]
[BlackElo "2180"]

1.d4 d5 2.Nf3 Nf6 3.c4 c6 4.Nc3 a6 5.Ne5 Nbd7 6.Bf4 g6 7.e3 Bg7 8.Be2 O-O
9.O-O e6 10.Rc1 Nxe5 11.Bxe5 dxc4 12.Bxc4 Nd7 13.Bxg7 Kxg7 14.Qf3 Qe7 15.Rfd1 Nb6
16.Bb3 e5 17.Qg3 exd4 18.Rxd4 Bf5 19.e4 Rfe8 20.h3 Bc8 21.Rcd1 Nd7 22.Rd6 Nf6
23.Qe3 Rf8 24.Qd4 Be6 25.Bxe6 fxe6 26.Qe5 Kf7 27.Qd4 e5 28.Qd3 Rae8 29.Na4 Kg8
30.Rd2 Qf7 31.Nc5 Re7 32.b4 Rfe8  1-0

[Event "RUS-ch U20"]
[Site "Sochi"]
[Date "1998.??.??"]
[Round "2"]
[White "Rychagov, Andrei"]
[Black "Bryzgalin, Kirill"]
[Result "1-0"]
[WhiteElo "2495"]
[BlackElo "2335"]

1.d4 Nf6 2.Nf3 d5 3.c4 c6 4.Nc3 a6 5.a4 e6 6.g3 dxc4 7.Bg2 c5 8.dxc5 Qxd1+
9.Nxd1 Nc6 10.Ne3 Bxc5 11.Nxc4 Ke7 12.O-O Rd8 13.Nfe5 Nd4 14.Be3 Nd5 15.Bxd4 Bxd4
16.Rfd1 Bxe5 17.Nxe5 f6 18.Nc4 Rb8 19.Rac1 Bd7 20.a5 Bc6 21.Rd4 Nb4 22.Nd6 Rxd6
23.Rxb4 Bxg2 24.Kxg2 Kd7 25.Rh4 h6 26.Rg4 g5 27.Rgc4 Rc6 28.Rd1+ Rd6 29.Rdc1 Rc6
30.Kf3 Rxc4 31.Rxc4 b5 32.Rc2 h5 33.b4 Rg8 34.Rc5 Kd6 35.e3 Kd7 36.Ke4 Kd6
37.f3 f5+ 38.Kd4 Re8 39.Kd3 Rh8 40.e4 fxe4+ 41.Kxe4 g4 42.f4 h4 43.f5 hxg3
44.hxg3 Rh1 45.fxe6 Kxe6 46.Rc6+ Kd7 47.Rxa6 Rb1 48.Kd5 Rxb4 49.Ra7+ Kc8
50.a6 Rc4 51.Rb7 Ra4 52.Rb6 b4 53.Kc4 Kc7 54.Rg6 b3+ 55.Kxb3 Re4 56.Kc2 Ra4
57.Kd2 Kb8 58.Ke3 Ka7 59.Re6 Kb8 60.a7+ Kxa7 61.Re4 Ra6 62.Rxg4 Kb7 63.Rc4 Rf6
64.g4 Rf1 65.Ke4  1-0

[Event "ROM-chT"]
[Site "Sovata"]
[Date "1998.??.??"]
[Round "5"]
[White "Olarasu, Gabriela"]
[Black "Zhukova, Natalia"]
[Result "1/2-1/2"]
[WhiteElo "2270"]
[BlackElo "2395"]

1.d4 d5 2.c4 c6 3.Nc3 Nf6 4.Nf3 a6 5.cxd5 cxd5 6.Bf4 Nc6 7.Ne5 e6 8.e3 Bd7
9.a3 Be7 10.Bd3 O-O  1/2-1/2

[Event "SVK-chT1W 9899"]
[Site "SVK"]
[Date "1998.??.??"]
[Round "3"]
[White "Dobrotka, Martin"]
[Black "Horvath, M."]
[Result "1/2-1/2"]
[WhiteElo "2225"]
[BlackElo "2245"]

1.d4 d5 2.c4 c6 3.Nc3 Nf6 4.Nf3 a6 5.e3 b5 6.cxd5 cxd5 7.Bd3 e6 8.O-O Be7
9.Ne5 O-O 10.Bd2 Bb7 11.Rc1 Nbd7 12.Ne2 Rc8 13.Rxc8 Qxc8 14.a4 Nxe5 15.dxe5 Nd7
16.axb5 Nxe5 17.bxa6 Bxa6 18.Bxa6 Qxa6 19.Bc3 Bf6 20.Nf4 Nd7 21.Bxf6 Nxf6
22.Qd3  1/2-1/2

[Event "Szeged TT08 IM"]
[Site "Szeged"]
[Date "1998.??.??"]
[Round "4"]
[White "Paschall, William M"]
[Black "Dovzik, Juri"]
[Result "1/2-1/2"]
[WhiteElo "2365"]
[BlackElo "2390"]

1.d4 d5 2.c4 c6 3.Nf3 Nf6 4.Nc3 a6 5.c5 Bf5 6.Bf4 Nbd7 7.e3 h6 8.h3 e6 9.Bd3 Bxd3
10.Qxd3 b5 11.b4 a5 12.bxa5 Qxa5 13.O-O Be7 14.Rfb1 O-O 15.a4 b4 16.Ne2 Ne4
17.Bh2 Bf6 18.Ra2 e5 19.Nd2 exd4 20.exd4 Nxd2 21.Qxd2 b3 22.Rxb3 Qxd2 23.Rxd2 Rxa4
24.Bf4 Ra1+ 25.Kh2 Rfa8 26.Bd6 Nf8 27.Bxf8 Kxf8 28.g4 R8a2 29.Rbb2 Rxb2 30.Rxb2 Rd1
31.Kg2 Bxd4 32.Nxd4 Rxd4 33.Rb6  1/2-1/2

[Event "Trinec op9798"]
[Site "Trinec"]
[Date "1998.??.??"]
[Round "?"]
[White "Niklasch, Oliver"]
[Black "Velicka, Petr"]
[Result "1/2-1/2"]
[WhiteElo "2345"]
[BlackElo "2410"]

1.d4 d5 2.c4 c6 3.Nf3 Nf6 4.Nc3 a6 5.Ne5 Nbd7 6.Nxd7 Bxd7 7.Qb3 Bc8 8.Bg5 dxc4
9.Qxc4 Nd5 10.e4 Nxc3 11.bxc3 g6 12.Be2 Bg7 13.O-O Qa5 14.Bh4 Be6 15.Qd3 Rd8
16.a4 Rd7 17.Qe3 O-O 18.Rfb1 Rfd8 19.Kh1 Bf6 20.Bg3 Bg7 21.Bh4 Bf6 22.Bg3 Bg7  1/2-1/2

[Event "POL-ch U20"]
[Site "Trzebinia"]
[Date "1998.??.??"]
[Round "10"]
[White "Antoniewski, Rafal"]
[Black "Oliwa, Patryk"]
[Result "1-0"]
[WhiteElo "2435"]
[BlackElo "2275"]

1.Nf3 d5 2.d4 c6 3.c4 Nf6 4.Nc3 a6 5.e3 g6 6.Bd3 Bg7 7.O-O O-O 8.h3 b5 9.c5 Nfd7
10.e4 b4 11.Ne2 dxe4 12.Bxe4 Nf6 13.Bd3 Nd5 14.a3 Nd7 15.Nf4 N7f6 16.axb4 Nxb4
17.Bc4 Bf5 18.Bd2 a5 19.Bxb4 axb4 20.Rxa8 Qxa8 21.Qb3 Qb7 22.Re1 Bh6 23.Nd3 Bxd3
24.Qxd3 e6 25.Ra1 Ra8 26.Ra6 Nd5 27.Rxa8+ Qxa8 28.Bxd5 exd5 29.Qe2 Bg7 30.g3 Bf6
31.Kg2 Kf8 32.Qd2 b3 33.Qf4 Qd8 34.g4 Kg8 35.Qe3 Qb8 36.Nd2 Qa8 37.g5 Bg7
38.Nxb3 Kf8 39.Nd2 Qa1 40.Qc3 h6 41.h4 hxg5 42.hxg5 Kg8 43.Nf3 Kh7 44.Qd2 Qb1
45.Qf4 Kg8 46.Qb8+ Kh7 47.Qc7 Qf5 48.Kg3 f6 49.Qf7 Kh8 50.Qe8+ Kh7 51.Qe3 fxg5
52.Nxg5+ Kh6 53.Ne6+ g5 54.f4 Kg6 55.Nxg5 Qb1 56.Qe8+ Kh6 57.Qxc6+ Kh5 58.Qe8+ Kh6
59.Qe6+ Kh5 60.Qh3+ Kg6 61.Qh7+  1-0

[Event "Wattens op 13th"]
[Site "Wattens"]
[Date "1998.??.??"]
[Round "5"]
[White "Krutti, Valer"]
[Black "Velicka, Petr"]
[Result "1/2-1/2"]
[WhiteElo "2360"]
[BlackElo "2465"]

1.d4 d5 2.c4 c6 3.Nc3 Nf6 4.Nf3 a6 5.e3 b5 6.b3 Bg4 7.Be2 e6 8.O-O Nbd7 9.Bb2 Bd6
10.h3 Bh5 11.Ne5 Bxe2 12.Nxe2 Rc8 13.Qd3 O-O 14.Rfc1 Ne4 15.cxd5 cxd5 16.Rxc8 Qxc8
17.Rc1 Qb7 18.Qc2 Nb8 19.Nf4 Nf6 20.Nfd3 Nfd7 21.Nxd7 Qxd7 22.Ne5 Qb7 23.Nd3 h6
24.Ne5 Rd8 25.Qc3 b4 26.Qc2 Qb5 27.f4 a5 28.Qd3 Qxd3 29.Nxd3 Kf8 30.Kf2 Ke7
31.Ke2 Kd7 32.Kd2 Rc8 33.Rf1 Ke7 34.g4 Nd7 35.Rc1 Rxc1 36.Bxc1 Nf6 37.Nf2 Ne4+
38.Nxe4 dxe4 39.Ke2 Kd7 40.h4 g6 41.g5 hxg5  1/2-1/2

[Event "POL-chT2"]
[Site "Wisla"]
[Date "1998.??.??"]
[Round "?"]
[White "Perdek, Miroslaw"]
[Black "Widera, Jan"]
[Result "1/2-1/2"]
[WhiteElo "2315"]
[BlackElo "2245"]

1.d4 d5 2.Nf3 Nf6 3.c4 c6 4.Nc3 a6 5.cxd5 cxd5 6.Bf4 Nc6 7.e3 Bg4 8.Rc1 e6
9.Qb3 Bxf3 10.gxf3 Bb4 11.a3 Bxc3+ 12.Rxc3 Qd7 13.Bd3 Nh5 14.Bg3 h6 15.O-O Nxg3
16.fxg3 O-O 17.Rc5 Rfc8 18.Bb1 g6 19.Qd3 b6 20.Rc3 Na5 21.Rxc8+ Rxc8 22.Qxa6 Nc4
23.Bd3 Nxb2 24.Bb5 Qc7 25.Rb1 Nc4 26.Bxc4 Qxc4 27.Qxc4 Rxc4 28.Rb3 Rc2  1/2-1/2

[Event "POL-chT2"]
[Site "Wisla"]
[Date "1998.??.??"]
[Round "?"]
[White "Perdek, Miroslaw"]
[Black "Oliwa, Patryk"]
[Result "1/2-1/2"]
[WhiteElo "2315"]
[BlackElo "2285"]

1.d4 d5 2.Nf3 Nf6 3.c4 c6 4.Nc3 a6 5.Ne5 b5 6.cxd5 cxd5 7.Bf4 e6 8.e3 Be7
9.Bd3 O-O 10.O-O Bb7 11.a4 b4 12.Nb1 Nbd7 13.a5 Nxe5 14.Bxe5 Qd7 15.Nd2 Rfc8
16.Nb3 Rc6 17.Qe2 Rac8 18.Bxf6 Bxf6 19.Nc5 Qc7 20.Nxa6 Bxa6 21.Bxa6 Ra8 22.Bb5 Rc2
23.Qd3 Rxb2 24.a6 Rc2 25.Qb3  1/2-1/2

[Event "S&W Masters 8th op"]
[Site "Witley"]
[Date "1998.??.??"]
[Round "3"]
[White "Mah, Karl"]
[Black "Ferguson, Mark"]
[Result "0-1"]
[WhiteElo "2340"]
[BlackElo "2410"]

1.d4 d5 2.c4 c6 3.Nf3 Nf6 4.Nc3 a6 5.Bg5 dxc4 6.a4 Bf5 7.Bxf6 exf6 8.e4 Bg4
9.Bxc4 Bxf3 10.gxf3 Qc7 11.Qd2 Bd6 12.Ne2 Qe7 13.O-O c5 14.dxc5 Bxc5 15.Ng3 g6
16.Rac1 O-O 17.Kh1 Nc6 18.Qh6 Kh8 19.Bd5 Bd4 20.Bxc6 bxc6 21.Rxc6 Qb7 22.Rc4 Qxb2
23.Qc1 Qxc1 24.Rcxc1 Rfc8 25.Kg2 Bb2 26.Rb1 Rc2 27.Rfd1 Ra7 28.Nf1 Be5 29.Ne3 Ra2
30.Rb4 Kg7 31.Rd8 a5 32.Rc4 Rc7 33.Rd5 Rxc4 34.Nxc4 Rxa4 35.Nxa5 Bc3 36.Nb7 Ra2
37.Nc5 Ra5 38.Nd7 Rxd5 39.exd5 f5 40.f4 f6 41.Nb6 Kf7 42.Nc4 Ke7 43.Kf3 Bd4
44.h3 Bc5 45.Ke2 Kd7 46.f3 Bg1 47.Kd3 Bh2 48.Ke3 Bg3 49.Kd4 Bxf4 50.Kc5 Bg3
51.d6 Bf2+ 52.Kd5 g5 53.Na5 h5 54.Nc6 Bb6 55.Nb8+ Kc8 56.Nc6 g4 57.fxg4 fxg4
58.hxg4 hxg4 59.Ke6 Kb7 60.Kxf6 Kxc6  0-1

[Event "Trinec op"]
[Site "Trinec"]
[Date "1999.01.02"]
[Round "8"]
[White "Neumann, Peter"]
[Black "Hitzgerova, Gabriela"]
[Result "1/2-1/2"]
[WhiteElo "2360"]
[BlackElo "2210"]

1.d4 d5 2.c4 c6 3.Nf3 Nf6 4.Nc3 a6 5.c5 Nbd7 6.Bf4 Nh5 7.Bd2 g6 8.e4 dxe4
9.Nxe4 Ndf6 10.Nxf6+ Nxf6 11.Bc4 Bg7 12.O-O O-O 13.Qb3 Nd5 14.Rfe1 e6 15.Bg5 Qc7
16.Bh4 f5 17.Ne5 Bxe5 18.Rxe5 h6 19.f3 Rf7 20.Bg3 f4 21.Bf2 Bd7 22.Be1 Raf8
23.Bd2 Rf5 24.Rae1 Rxe5 25.Rxe5 Bc8 26.Qd3 Rf6 27.g3 Qf7 28.Kg2 Kg7 29.Bb3 Bd7
30.Qe2 fxg3 31.hxg3 g5 32.Bc2 Kf8 33.Bd3 Be8 34.b4 Qd7  1/2-1/2

[Event "Rilton Cup 9899"]
[Site "Stockholm"]
[Date "1999.01.03"]
[Round "6"]
[White "Ahlander, Bjorn"]
[Black "Conquest, Stuart"]
[Result "1-0"]
[WhiteElo "2410"]
[BlackElo "2490"]

1.d4 d5 2.c4 c6 3.Nc3 Nf6 4.Nf3 a6 5.c5 g6 6.Bf4 Nh5 7.Bg5 f6 8.Bh4 b6 9.cxb6 Qxb6
10.Qd2 Bg4 11.e3 Bxf3 12.gxf3 e5 13.dxe5 fxe5 14.Bh3 d4 15.O-O-O Bh6 16.Na4 Qb5
17.Qc2 O-O 18.Kb1 dxe3 19.fxe3 Bxe3 20.Be6+ Kh8 21.f4 Bxf4 22.Bc4 Qa5 23.Rhf1 Ra7
24.Bf2 Rb7 25.Nc5 Re7 26.Ne6 Rfe8 27.Nxf4 Nxf4 28.Bh4 Nd7 29.Qe4 Nc5 30.Qxe5+  1-0

[Event "BL2-W9899"]
[Site "Germany"]
[Date "1999.01.10"]
[Round "4.6"]
[White "Callam, Hannes"]
[Black "Lytchak, Alexander"]
[Result "1/2-1/2"]
[WhiteElo "2190"]
[BlackElo "2375"]

1.Nf3 d5 2.d4 c6 3.c4 Nf6 4.Nc3 a6 5.cxd5 cxd5 6.Bf4 Nc6 7.e3 Bg4 8.Be2 e6
9.Ne5 Bxe2 10.Qxe2 Rc8 11.O-O Be7 12.Rfc1 O-O 13.h3 Nd7 14.Nxc6 Rxc6 15.Na4 Rc4
16.b3 Rc8 17.Rxc8 Qxc8 18.Qb2 Qa8 19.Rc1 Rc8 20.Bc7 Qa7 21.Bg3 Rc6 22.Rxc6 bxc6
23.Qc3 Qb7 24.Qa5 f6 25.Qc7 Qxc7 26.Bxc7 e5 27.Nb6 Nxb6 28.Bxb6 Kf7 29.Kf1 Ke6
30.Ke2 g6 31.Kd3 f5 32.dxe5 Kxe5 33.Bc7+ Ke6 34.Bb6 c5 35.f3 Kd6 36.Ba5 Kc6
37.Bc3 Kb5 38.a4+ Kc6 39.Be5  1/2-1/2